Library of the University of Algiers 3
Ibrahim Sultan Cheibout
شعار جامعة الجزائر 3
مكتبة جامعة الجزائر 3
إبراهيم سلطان شيبوط

التنمية الصناعية في الجزائر : (رقم التسجيلة. 46297)

تفاصيل مارك
000 -LEADER
fixed length control field 01650nam a2200253Ia 4500
003 - CONTROL NUMBER IDENTIFIER
control field Ost
005 - DATE AND TIME OF LATEST TRANSACTION
control field 20260507075802.0
008 - FIXED-LENGTH DATA ELEMENTS--GENERAL INFORMATION
fixed length control field 260507s9999||||xx |||||||||||||| ||und||
020 ## - INTERNATIONAL STANDARD BOOK NUMBER
International Standard Book Number 9789947054536
040 ## - CATALOGING SOURCE
Transcribing agency fsecg
041 ## - LANGUAGE CODE
Language code of text/sound track or separate title ara
082 ## - DEWEY DECIMAL CLASSIFICATION NUMBER
Classification number 338.609651
100 ## - MAIN ENTRY--PERSONAL NAME
Relator term مؤلف
245 #0 - TITLE STATEMENT
Title التنمية الصناعية في الجزائر :
Remainder of title بين التخطيط واقتصاد السوق /
260 ## - PUBLICATION, DISTRIBUTION, ETC.
Place of publication, distribution, etc. الجزائر :
Name of publisher, distributor, etc. تديكلت للنشر والتوزيع,
Date of publication, distribution, etc. 2019
300 ## - PHYSICAL DESCRIPTION
Extent 401 صفحة؛
Other physical details إيضاحات ؛
Dimensions 29 سم
504 ## - BIBLIOGRAPHY, ETC. NOTE
Bibliography, etc. note بيبليوغرافيا: ص ص.390-394
520 ## - SUMMARY, ETC.
Summary, etc. يتناول مسيرة التنمية الصناعية في الجزائر، الاستثمارات العامة في الجزائر خلال الفترة (1962-1990)، الاستثمارات الخاصة في الجزائر خلال فترة(1962-1996)، دراسة أحكام قانون الاستثمارات لسنة 1993 وتوابعه، برنامج تأهيل القطاع الصناعي الجزائري، مساهمة الصناعات الغذائية في تحقيق الأمن الغذائي بالجزائر، ترقية الميزة التنافسية للصناعات الجزائرية، إدارة الجودة الشاملة ودورها في تحقيق تنافسية المؤسسة الصناعية الجزائرية، دور الابتكار في تدعيم التنمية الصناعية في الجزائر.
653 ## - INDEX TERM--UNCONTROLLED
Uncontrolled term الاستثمار
653 ## - INDEX TERM--UNCONTROLLED
Uncontrolled term الصناعات
653 ## - INDEX TERM--UNCONTROLLED
Uncontrolled term تنمية الصناعة
700 ## - ADDED ENTRY--PERSONAL NAME
Personal name بن حمود، سكينة
Relator term مؤلف ثانوي
942 ## - ADDED ENTRY ELEMENTS (KOHA)
Koha item type كتب
المقتنيات
Withdrawn status Lost status Source of classification or shelving scheme Damaged status Not for loan Home library Current library Date acquired Serial enumeration / chronology Inventory number Total checkouts Full call number Barcode Date last seen Price effective from Koha item type
    Library of Congress Classification   NOT LOAN / إعارة داخلية مكتبة كلية العلوم الإقتصادية والعلوم التجارية وعلوم التسيير مكتبة كلية العلوم الإقتصادية والعلوم التجارية وعلوم التسيير 07/05/2026 الطابق الأرضي 025.21/559   500/025.21ن01 025.21/559 07/05/2026 07/05/2026 كتب
    Dewey Decimal Classification   Available مكتبة كلية العلوم الإقتصادية والعلوم التجارية وعلوم التسيير مكتبة كلية العلوم الإقتصادية والعلوم التجارية وعلوم التسيير 07/05/2026 الطابق الأرضي 025.21/560   500/025.21ن02 025.21/560 07/05/2026 07/05/2026 كتب

موارد الويب المفتوحة


© University of Algiers 3 All Rights Reserved
|
Implemented by LECHELAH Riad